000
00325nam a2200145Ia 4500
008
230718s9999 xx 000 0 und d
041
_a
Eng.
082
_a
340
_b
BHA-R
100
_a
Bharda, Laura Leam
245
0
_a
Red and Green
260
_a
Pakistan
_b
Lising Press
_c
1997
300
_a
185
650
_a
Law
999
_c
28620
_d
28620